La Ciencia y el dilema de América Latina: dependencia o liberación

Αποθηκεύτηκε σε:
Λεπτομέρειες βιβλιογραφικής εγγραφής
Κύριος συγγραφέας: Leite Lopes, José
Μορφή: Κείμενο
Έκδοση: México, D.F.: Siglo veintiuno
Έκδοση:3
Ετικέτες: Προσθήκη ετικέτας
Δεν υπάρχουν, Καταχωρήστε ετικέτα πρώτοι!

MARC

LEADER 00000 a a2200000 04500
001 22488
003
040
020 |a 968-23-0270-6  
090 |a 153700  
100 |a Leite Lopes, José  
245 |a La Ciencia y el dilema de América Latina: dependencia o liberación  
250 |a 3  
260 |a México, D.F.:   |b Siglo veintiuno  
300 |a 221 p  
999 |c 6060  |d 6060